| 000 | 00495nam a22002057a 4500 | ||
|---|---|---|---|
| 003 | Nust | ||
| 005 | 20210923104851.0 | ||
| 008 | 170217b xxu||||| |||| 00| 0 eng d | ||
| 020 | _a 9788181287328 | ||
| 038 | _akhadija | ||
| 040 | _cc | ||
| 082 |
_a543.086 _bINT |
||
| 100 |
_aBrown, Michael E. _982635 |
||
| 245 | _aIntroduction to Thermal Analysis | ||
| 260 |
_aNew Delhi: _bSpringer, _c2007. |
||
| 300 |
_a264 p. ; _b24 cm. |
||
| 500 | _aPaperback. | ||
| 563 | _aPB | ||
| 942 |
_cBK _2ddc |
||
| 999 |
_c33926 _d33926 |
||